000 01096nam a2200253 a 4500
001 000030135
003 DO-SdBNP
005 20250307100538.0
008 110429s1997 dr r 000 0 spa d
020 _a8489548080
040 _aDO-SdBNP
_bspa
_cBNPHU
082 _a737.497293
_bB213m
110 2 _aMuseo Numismático y Filatélico del Banco Central (Banco Central de la República Dominicana)
_bMuseo Numismático
_956846
245 1 0 _aCatálogo del museo numismático.
260 _aSanto Domingo :
_bBanco Central de la República Dominicana,
_c1997.
300 _a113 p. :
_bil., retrs. ;
_c27 cm.
590 _aInventariado, 2018/BT
610 2 0 _aMuseo Numismático y Filatélico del Banco Central (Banco Central de la República Dominicana)
_956846
650 4 _aNumismática
_zRepública Dominicana
_vCATÁLOGOS
_956847
650 4 _aMonedas dominicanas
_vCATÁLOGOS
_956848
710 2 _aMuseo Numismático y Filatélico del Banco Central (Banco Central de la República Dominicana)
_bDepartamento Cultural
_956846
910 _aValidado. Control de calidad. MFF
942 _2ddc
_cLBS1
999 _c29627
_d29627